Flagi miast województwa mazowieckiego - Statystyki

Ogólne statystyki
  • Ten quiz został rozwiązany 60 razy
  • Średni wynik to 15 z 28
Statystyki odpowiedzi
Obrazkowy Odpowiedź % Poprawnych
Radom
93%
Warszawa
91%
Płock
80%
Siedlce
77%
Ostrołęka
73%
Piaseczno
70%
Pruszków
68%
Mława
64%
Legionowo
61%
Otwock
61%
Mińsk Mazowiecki
57%
Żyrardów
57%
Wyszków
55%
Garwolin
50%
Gostynin
48%
Nowy Dwór Mazowiecki
48%
Ostrów Mazowiecka
48%
Przasnysz
45%
Sierpc
43%
Radzymin
41%
Pionki
39%
Karczew
36%
Konstancin Jeziorna
36%
Ożarów Mazowiecki
34%
Sokołów Podlaski
34%
Sulejówek
30%
Zakroczym
25%
Skaryszew
20%
Nie znaleziono quizów pasujących do podanych kryteriów
Rozkład punktacji
Procent ludzi z każdym wynikiem
Percentyl według liczby udzielonych odpowiedzi
Twoja historia wyników
Nie rozwiązałeś tego quizu